IMF research bulletin

Gespeichert in:
Bibliographische Detailangaben
Format: Schriftenreihe
Sprache:Englisch
Veröffentlicht: Washington International Monetary Fund 2005
Schlagworte:
Tags: Tag hinzufügen
Keine Tags, Fügen Sie das erste Tag hinzu!

MARC

LEADER 00000nas2a2200000 4500
001 0089444
005 20090115135219.0
022 |a 1020-8313 
041 0 |a eng 
044 |a US 
245 1 0 |a IMF research bulletin  |c International Monetary Fund 
264 1 |a Washington  |b International Monetary Fund  |c 2005 
773 0 |w eu_un_cat*0007013 
610 2 0 |a Medzinárodný menový fond 
610 2 0 |a financie